| 000 | 00848nam a2200253 a 4500 | ||
|---|---|---|---|
| 999 |
_c11011 _d11011 |
||
| 001 | 11011 | ||
| 003 | BD-JhCC | ||
| 005 | 20200213134007.0 | ||
| 008 | 190623s2013 bg |||| |||| 000 0 BEN d | ||
| 020 | _a9789849063056 | ||
| 035 | _a(BD-JhCC)11011 | ||
| 040 |
_aBD-JhCC _dBD-JhCC |
||
| 041 | _aBEN | ||
| 082 |
_a891.7342 _bSHO 2013 |
||
| 100 | _aশোলখভ, মিখাইল | ||
| 245 |
_aপ্রশান্ত দন / _cমিখাইল শোলখভ; অরুণ সোম অনু. |
||
| 260 |
_aঢাকা : _bরোদেলা, _c২০১৩. |
||
| 300 |
_a১-৩ খন্ড : _c২১ সেমি. |
||
| 650 |
_aRevolution Fiction. _xHistory _y1917-1921 _zSoviet Union |
||
| 650 | _aWorld War (1914-1918) | ||
| 650 |
_aHistorical fiction, _zRussian |
||
| 700 | _aসোম, অরুণ | ||
| 942 |
_2ddc _cBK _02 |
||